| 000 | 00615nam a2200193 a 4500 | ||
|---|---|---|---|
| 005 | 20240316063805.0 | ||
| 008 | 991125s1992 xal 000 0 spa u | ||
| 035 | _aUPN01000010438 | ||
| 049 | _aCG | ||
| 050 | 4 |
_aPN61 _bE3.3 |
|
| 100 | 1 | _aEguinoa, Ana Ester | |
| 245 | 1 | 3 |
_aLa comunicacion literaria : _blineamientos de lectura / _cAna Ester Eguinoa, Georgina Trigos. |
| 260 |
_aXalapa : _bUniversidad Veracruzana, Instituto de Investigaciones Humanísticos, _c1992. |
||
| 300 | _a101 p. | ||
| 650 | 4 |
_aLiteratura _95741 |
|
| 650 | 4 |
_aComunicación _99285 |
|
| 700 | 1 |
_aTrigos, Georgina, _ecoaut. |
|
| 905 | _aLibro | ||
| 999 |
_c10438 _d10438 |
||